000 00409nam a2200133 4500
020 _qPB.
040 _cFIZZA ISHAQ
082 _a818.5409
_bDEM
100 _aDemott , Robert.
_9134221
245 _aConversations with Jim Harrison (Literary Conversations) /
_cRobert Demott.
260 _aNew York:
_bUniversity Press of Mississippi ,
_c2002.
300 _a243 P. ;
_c15.24 x 1.6 x 22.86 cm
942 _2ddc
_cBK
999 _c617194
_d617194